| 000 | 02267 a2200241 4500 | ||
|---|---|---|---|
| 003 | OSt | ||
| 005 | 20180116182800.0 | ||
| 008 | 170804b xxu||||| |||| 00| 0 eng d | ||
| 020 | _a0745324193 | ||
| 020 | _a9780745324197 | ||
| 040 | _c0 | ||
| 082 | 0 | 4 | _a327.7301767 PIN 2006 |
| 100 | 1 | _aLawrence Pintak, | |
| 245 | 1 | 0 |
_aReflections in a Bloodshot lens _bAmerica, Islam, and the War of Ideas _cLawrence Pintak. |
| 260 |
_a[S.l.] : _bPluto Press, _c2006. |
||
| 300 |
_a374 p. ; _c22 cm. _bpb. |
||
| 440 | _aReflections in a Bloodshot lens | ||
| 500 | _aPaperback. | ||
| 520 | _aThere exists today a tragic rift between Americans and the world's Muslims. Each views the other with suspicion and anger. Yet in the immediate aftermath of 9/11, there was widespread sympathy for the U.S. in the great arc of Muslim nations from West Africa to Southeast Asia. This book explores what happened. It examines the disconnect that leads Americans and Muslims around the world to view the same words and images in fundamentally different ways. Partly a result of a centuries-old 'us' against 'them' dichotomy and an essential difference in worldview, the problem is exacerbated by an increasingly polarised media and by leaders on both sides who either don't understand or don't care what impact their words and policies have in the world at large. Journalist-scholar Lawrence Pintak, a former CBS News Middle East correspondent, argues that the Arab media revolution and the rise of "patriot-journalists" in the US marginalized voices of moderation, distorting perceptions on both sides of the divide with potentially disastrous results. Built on the author's extensive journalistic experience, the book is carefully grounded in contemporary academic scholarship -- including Orientalism, othering, worldview, media effects theory and framing theory, amongst others -- giving it broad appeal to policymakers, students of such fields as media studies, Middle East studies and Islamic studies, and general current affairs readers. | ||
| 856 | 4 | 0 |
_3Amazon.com _uhttp://www.amazon.com/exec/obidos/ASIN/0745324193/chopaconline-20 |
| 856 | 4 | 0 |
_3Amazon customer reviews _uhttp://www.chopac.org/cgi-bin/tools/azrev.pl?q=0745324193 |
| 942 |
_aNBS _cBK _k327.7301767 PIN 2006 _2ddc |
||
| 999 |
_c345884 _d345884 |
||